[Event "Tournoi Skype 011A"]
[Site "Skype"]
[Date "????.??.??"]
[Round "3.13"]
[White "Grimwood, Robert"]
[Black "Gieschen, Mike"]
[Result "1-0"]
[WhiteElo "1499"]
[BlackElo "1655"]
[PlyCount "91"]

1. e4 c5 2. Nf3 Nc6 3. d4 cxd4 4. Nxd4 Nxd4 5. Qxd4 d6 6. Nc3 e5 7. Bb5+ Bd7 8.
Bxd7+ Qxd7 9. Qd3 Nf6 10. Bg5 Be7 11. f3 O-O 12. O-O-O h6 13. Bxf6 Bxf6 14.
Qxd6 Qxd6 15. Rxd6 Bg5+ 16. Kb1 a6 17. a3 b5 18. b4 Rfb8 19. Ka2 a5 20. Kb3
axb4 21. axb4 f6 22. Rd5 Ra4 23. Nxa4 bxa4+ 24. Kxa4 Be3 25. Kb3 Kf7 26. Rhd1
Kg6 27. c3 Bb6 28. g3 h5 29. f4 exf4 30. gxf4 Re8 31. e5 Be3 32. exf6 Bxf4 33.
fxg7 Rg8 34. Rd8 Rxg7 35. Rg1+ Kh6 36. Rxg7 Kxg7 37. Rd5 Kg6 38. h3 h4 39. b5
Kf6 40. c4 Be5 41. b6 Kf5 42. Rxe5+ Kxe5 43. b7 Kf4 44. b8=Q+ Kf3 45. Qg8 Ke4
46. Kb4 1-0

[Event "Tournoi Skype 011A"]
[Site "Skype"]
[Date "????.??.??"]
[Round "3.14"]
[White "Galani, Mahendra"]
[Black "Kumar Pradhan, Soundarya"]
[Result "0-1"]
[WhiteElo "1491"]
[BlackElo "1641"]
[PlyCount "84"]

1. e4 e6 2. d4 d5 3. e5 c5 4. c3 Nc6 5. Be3 Qb6 6. b3 cxd4 7. cxd4 Bb4+ 8. Ke2
f6 9. Qd3 fxe5 10. dxe5 Qa5 11. Nf3 b6 12. Qc2 Nge7 13. a3 Nf5 14. Qxc6+ Ke7
15. Bg5+ Kf7 16. Qc7+ Kg6 17. Bf4 Ba6+ 18. Kd1 Bxf1 19. Rxf1 Qb5 20. Rg1 Rhc8
21. Qb7 Qd3+ 22. Nbd2 Bxd2 23. Bxd2 Qxb3+ 24. Ke2 Qb5+ 25. Kd1 Qa4+ 26. Ke2
Rab8 27. Qxb8 Rxb8 28. g4 Nd4+ 29. Nxd4 Qxd4 30. Rac1 Qxe5+ 31. Kd1 Qxh2 32.
Re1 Qd6 33. Bb4 Qd7 34. Rc3 a5 35. Rce3 axb4 36. Rxe6+ Kf7 37. R6e3 Qxg4+ 38.
f3 Qd4+ 39. Ke2 Qxe3+ 40. Kxe3 Re8+ 41. Kd2 Rxe1 42. Kxe1 bxa3 0-1

[Event "Tournoi Skype 011A"]
[Site "Skype"]
[Date "????.??.??"]
[Round "3.15"]
[White "Engstrom, Olle"]
[Black "Loyarte, Frederic"]
[Result "0-1"]
[WhiteElo "1639"]
[BlackElo "1509"]
[PlyCount "74"]

1. e4 e5 2. Nf3 Nc6 3. Bc4 Nf6 4. Ng5 d5 5. exd5 Na5 6. Bb5+ Bd7 7. Qe2 Bd6 8.
Bxd7+ Qxd7 9. c4 h6 10. Ne4 Nxe4 11. Qxe4 f5 12. Qe2 Qa4 13. d3 Nb3 14. Qc2
Bb4+ 15. Bd2 Bxd2+ 16. Nxd2 Nc5 17. Qxa4+ Nxa4 18. Nf3 e4 19. dxe4 fxe4 20. Nd2
Nxb2 21. Nxe4 Nxc4 22. O-O O-O-O 23. Rfd1 Nd6 24. Nxd6+ Rxd6 25. Rd2 Rhd8 26.
Rad1 c6 27. Kf1 Rxd5 28. Rxd5 Rxd5 29. Rxd5 cxd5 30. Ke2 Kd7 31. Kd3 Kd6 32.
Kd4 b5 33. f4 b4 34. f5 a5 35. g4 a4 36. h4 b3 37. a3 b2 0-1

[Event "Tournoi Skype 011A"]
[Site "Skype"]
[Date "????.??.??"]
[Round "3.16"]
[White "Belouin, Bruno"]
[Black "Le Brun, Yves"]
[Result "1-0"]
[WhiteElo "1484"]
[BlackElo "1633"]
[PlyCount "71"]

1. e4 c5 2. Nf3 a6 3. Bc4 e6 4. h3 Nc6 5. d4 cxd4 6. Nxd4 Qc7 7. Be3 b5 8. Be2
Nf6 9. Bf3 e5 10. Nf5 Nb4 11. c3 Nc6 12. O-O d6 13. Nd2 Be6 14. Be2 Ne7 15. Qc2
Nxf5 16. exf5 Bd5 17. b3 Be7 18. c4 Bb7 19. Qb2 b4 20. Rac1 O-O 21. Rc2 Ne4 22.
Bd3 Nxd2 23. Rxd2 e4 24. Be2 Bf6 25. Bd4 Bxd4 26. Rxd4 Rfe8 27. Rfd1 Qd7 28.
Bg4 Qe7 29. Rxd6 e3 30. Rd7 Qe4 31. f3 Qc6 32. Qd4 Kf8 33. Bh5 Re7 34. Rxe7
Kxe7 35. Qxg7 e2 36. Qxf7# 1-0

[Event "Tournoi Skype 011A"]
[Site "Skype"]
[Date "????.??.??"]
[Round "3.17"]
[White "De Leener, Luc"]
[Black "L'Herbon De Lussats, Jean"]
[Result "0-1"]
[WhiteElo "1632"]
[BlackElo "1486"]
[PlyCount "92"]

1. e4 c5 2. Nf3 Nc6 3. d4 cxd4 4. Nxd4 e5 5. Nf3 Nf6 6. Nc3 Bb4 7. Bd2 d6 8.
Bd3 O-O 9. Qe2 Bg4 10. h3 Nd4 11. Qe3 Bxf3 12. gxf3 Bc5 13. Qg5 Nxf3+ 14. Kd1
Nxg5 15. Bxg5 Bxf2 16. Nd5 h6 17. Bxf6 gxf6 18. Ke2 Bc5 19. Raf1 f5 20. Rxf5 f6
21. Bc4 Kg7 22. Rh2 a6 23. Rg2+ Kh7 24. Rg4 Ba7 25. Rh4 Qc8 26. Rfh5 Qxc4+ 27.
Ke1 f5 28. Rxh6+ Kg7 29. Rh7+ Kg6 30. R4h6+ Kg5 31. Rh5+ Kg6 32. exf5+ Rxf5 33.
Ne7+ Kf6 34. Nxf5 Qe4+ 35. Kd2 Qf4+ 36. Kd1 Qf3+ 37. Kd2 Qf2+ 38. Kd3 Rc8 39.
R7h6+ Kf7 40. Nxd6+ Kg7 41. Rh7+ Kg6 42. R5h6+ Kg5 43. h4+ Kg4 44. Rg7+ Kh3 45.
Nxc8 Qf3+ 46. Kd2 Qe3+ 0-1

[Event "Tournoi Skype 011A"]
[Site "Skype"]
[Date "????.??.??"]
[Round "3.19"]
[White "Hague, Mark"]
[Black "Janssen, Gerard"]
[Result "0-1"]
[WhiteElo "1400"]
[BlackElo "1621"]
[PlyCount "56"]

1. d4 d5 2. c3 e6 3. Nf3 c5 4. e3 Nc6 5. Bd3 c4 6. Bc2 b5 7. b3 Bd6 8. O-O Nf6
9. Nbd2 O-O 10. e4 dxe4 11. Nxe4 Nxe4 12. Bxe4 Bb7 13. Qc2 f5 14. Bxc6 Bxc6 15.
Qe2 Bd5 16. bxc4 Bxc4 17. Qe3 f4 18. Qe1 Qf6 19. Qd2 Bxf1 20. Kxf1 Rad8 21. Bb2
e5 22. Re1 exd4 23. Nxd4 Bc5 24. Ne6 Rxd2 25. Nxc5 Rxb2 26. Nd7 Qxc3 27. Nxf8
Kxf8 28. Kg1 Qxe1# 0-1

[Event "Tournoi Skype 011A"]
[Site "Skype"]
[Date "????.??.??"]
[Round "3.20"]
[White "De, Deeptyajeet"]
[Black "Meaney, Mike"]
[Result "1-0"]
[WhiteElo "1504"]
[BlackElo "1537"]
[PlyCount "65"]

1. d4 Nf6 2. c4 e6 3. Nc3 d5 4. cxd5 exd5 5. Bg5 Nbd7 6. Nf3 c6 7. e3 Qb6 8.
Qc2 h6 9. Bh4 Bd6 10. Bd3 Qc7 11. Bxf6 Nxf6 12. h3 Be6 13. Rb1 Qd7 14. a4 a5
15. Nh4 Rc8 16. Bf5 Bf8 17. Bxe6 Qxe6 18. Qf5 Qxf5 19. Nxf5 Rd8 20. f4 g6 21.
Nh4 Be7 22. Nf3 h5 23. Kf2 Rd7 24. Ne5 Rc7 25. g4 hxg4 26. hxg4 Rxh1 27. Rxh1
Bd6 28. Rh8+ Bf8 29. g5 c5 30. Nb5 Rd7 31. Nxd7 Nxd7 32. Nd6+ Ke7 33. Nxb7 1-0

[Event "Tournoi Skype 011A"]
[Site "Skype"]
[Date "????.??.??"]
[Round "3.21"]
[White "Khatanhar, Mohit"]
[Black "De, Yudhajeet"]
[Result "0-1"]
[WhiteElo "1421"]
[BlackElo "1613"]
[PlyCount "62"]

1. e4 c5 2. c4 e6 3. d3 Nc6 4. Nf3 Qc7 5. Be2 Nf6 6. h3 Be7 7. Be3 O-O 8. Qd2
d5 9. cxd5 exd5 10. Bf4 Bd6 11. Bxd6 Qxd6 12. exd5 Nxd5 13. Nc3 Nf4 14. O-O
Nxe2+ 15. Nxe2 Bf5 16. Ng3 Bxd3 17. Rfe1 Rad8 18. Qg5 Bg6 19. Nh4 Rfe8 20. Ngf5
Bxf5 21. Nxf5 Qg6 22. Rxe8+ Rxe8 23. Qf4 Qf6 24. Qg4 Qxb2 25. Rd1 Qf6 26. Rd6
Re6 27. Rxe6 fxe6 28. Nd6 Qa1+ 29. Kh2 Qe5+ 30. Kg1 Qxd6 31. f3 Qd4+ 0-1

[Event "Tournoi Skype 011A"]
[Site "Skype"]
[Date "????.??.??"]
[Round "3.22"]
[White "Kruzeniski, Randy"]
[Black "Trivedi, Viral"]
[Result "0-1"]
[WhiteElo "1499"]
[BlackElo "1606"]
[PlyCount "82"]

1. e4 e5 2. Nf3 Nc6 3. d3 Bc5 4. Nbd2 Nf6 5. h3 Nd4 6. Nxd4 Bxd4 7. c3 Bb6 8.
g3 g6 9. Bg2 O-O 10. O-O Nh5 11. Nc4 d6 12. Nxb6 cxb6 13. b4 b5 14. Be3 Be6 15.
a3 Qc8 16. g4 Nf6 17. Qc1 Qc6 18. Bg5 Nd7 19. d4 Bc4 20. d5 Qc7 21. Re1 f6 22.
Bd2 g5 23. Bf1 Rf7 24. f3 Nf8 25. a4 Ng6 26. Bxc4 bxc4 27. Rf1 h6 28. b5 Nf4
29. Bxf4 gxf4 30. a5 Qc5+ 31. Rf2 Qxb5 32. Rb2 Qc5+ 33. Kg2 a6 34. Rxb7 Rxb7
35. h4 Rab8 36. Qh1 Rb2+ 37. Kh3 Rf2 38. g5 hxg5 39. hxg5 Kf7 40. g6+ Kg7 41.
Rg1 Rh8+ 0-1

[Event "Tournoi Skype 011A"]
[Site "Skype"]
[Date "????.??.??"]
[Round "3.23"]
[White "Delemarre, Georges"]
[Black "Holtz, Steve"]
[Result "0-1"]
[WhiteElo "1590"]
[BlackElo "1499"]
[PlyCount "56"]

1. d4 d5 2. Nf3 Nf6 3. Bf4 Nbd7 4. e3 a6 5. Bd3 e6 6. Nbd2 c5 7. c3 h6 8. Ne5
Nxe5 9. dxe5 Nd7 10. Bg3 Be7 11. f4 c4 12. Bc2 b5 13. Nf3 Bb7 14. Nd4 Bc5 15.
O-O O-O 16. Kh1 Bb6 17. Qg4 Qe8 18. f5 Nc5 19. Bf4 exf5 20. Qxf5 g6 21. Qh3 h5
22. Rf3 Bc8 23. Qg3 Kh7 24. Qg5 Rh8 25. Qxh5+ Kg8 26. Qg5 Ne4 27. Bxe4 dxe4 28.
Rff1 Bd8 0-1

[Event "Tournoi Skype 011A"]
[Site "Skype"]
[Date "????.??.??"]
[Round "3.24"]
[White "Malbec, Robert"]
[Black "Antonic, Nenad"]
[Result "0-1"]
[WhiteElo "1547"]
[BlackElo "1449"]
[PlyCount "80"]

1. e4 Nf6 2. e5 Nd5 3. c4 Nb6 4. d4 d6 5. Bf4 Bf5 6. Nf3 e6 7. Be2 Be7 8. O-O
O-O 9. a4 Na6 10. a5 Nd7 11. Nbd2 c5 12. Re1 cxd4 13. Nxd4 dxe5 14. Nxf5 exf5
15. Bd3 exf4 16. Bxf5 Nf6 17. Qe2 Re8 18. Ne4 Nxe4 19. Bxe4 Nc5 20. Red1 Bd6
21. Rd4 Nb3 22. Bxh7+ Kxh7 23. Qc2+ Kg8 24. Qxb3 Qc7 25. Qc2 Qe7 26. h3 Red8
27. Rd5 Be5 28. Re1 Rxd5 29. cxd5 Re8 30. Qd3 Rd8 31. Qe4 Re8 32. Qd3 Qb4 33.
Re2 Qxa5 34. d6 Qa1+ 35. Kh2 f3+ 36. g3 fxe2 37. Qxe2 Qa4 38. Kg2 Bxd6 39. Qd2
Qc6+ 40. f3 Qa6 0-1

[Event "Tournoi Skype 011A"]
[Site "Skype"]
[Date "????.??.??"]
[Round "3.25"]
[White "Yeter, Orhan"]
[Black "De Coninck, Philippe"]
[Result "1-0"]
[WhiteElo "1400"]
[BlackElo "1525"]
[PlyCount "49"]

1. b4 e5 2. Bb2 d6 3. e4 Nf6 4. d3 a6 5. c4 Nc6 6. Nf3 Nxb4 7. Qa4+ Nc6 8. Nc3
Bd7 9. Qd1 Be7 10. Nd5 Bg4 11. Nxe7 Qxe7 12. h3 Bxf3 13. Qxf3 O-O 14. Qg3 d5
15. Rc1 Qb4+ 16. Bc3 Qe7 17. cxd5 Nb4 18. Bxe5 Nxd3+ 19. Bxd3 Rac8 20. O-O c6
21. Bd6 Nxe4 22. Bxe4 Qxe4 23. Bxf8 Rxf8 24. d6 Qd5 25. Rcd1 1-0

[Event "Tournoi Skype 011A"]
[Site "Skype"]
[Date "????.??.??"]
[Round "3.26"]
[White "Grib, Johannes"]
[Black "Belouin, Alexis"]
[Result "0-1"]
[WhiteElo "1499"]
[BlackElo "1415"]
[PlyCount "52"]

1. e4 e6 2. Nf3 d5 3. e5 c5 4. c3 a6 5. Be2 Be7 6. h4 Nc6 7. Qa4 Bd7 8. Qg4 g6
9. h5 g5 10. h6 f6 11. Qg3 Nxe5 12. Nxe5 Bd6 13. Bh5+ Ke7 14. d4 Qc8 15. Bxg5
Qf8 16. Bxf6+ Nxf6 17. Qh4 Qxh6 18. Nd2 Qxh5 19. Qxh5 Nxh5 20. Rxh5 Bxe5 21.
dxe5 Rag8 22. g3 h6 23. Nf3 Bc6 24. Ke2 Rf8 25. Nh4 Be8 26. g4 Bxh5 0-1

[Event "Tournoi Skype 011A"]
[Site "Skype"]
[Date "????.??.??"]
[Round "4.1"]
[White "Rico Hernandez, Edgar"]
[Black "Deville, Olivier"]
[Result "1-0"]
[WhiteElo "1887"]
[BlackElo "1919"]
[PlyCount "55"]

1. d4 Nf6 2. c4 e6 3. Nc3 Bb4 4. Qc2 c5 5. dxc5 O-O 6. a3 Bxc5 7. Nf3 b6 8. e3
Bb7 9. Be2 d5 10. cxd5 Nxd5 11. Bd2 Nd7 12. O-O Rc8 13. Rfd1 Qe7 14. Qa4 N7f6
15. Rac1 a6 16. Qh4 Nxc3 17. Bxc3 Ne4 18. Qxe7 Bxe7 19. Bd4 Nc5 20. Nd2 b5 21.
Bc3 Na4 22. Bd4 Bf6 23. b3 Nc3 24. Rxc3 Rxc3 25. Bxc3 Bxc3 26. Nb1 Rc8 27. Nxc3
Rxc3 28. Rd8# 1-0

[Event "Tournoi Skype 011A"]
[Site "Skype"]
[Date "????.??.??"]
[Round "4.2"]
[White "Lambert, Pierre"]
[Black "Mahapatra, Durgaprasad"]
[Result "0-1"]
[WhiteElo "1891"]
[BlackElo "1799"]
[PlyCount "80"]

1. e4 c5 2. Nf3 e6 3. d4 cxd4 4. Nxd4 a6 5. c4 Nf6 6. Nc3 Qc7 7. Bd3 Nc6 8. Nf3
Be7 9. O-O O-O 10. Re1 d6 11. h3 b6 12. Be3 Nd7 13. Rc1 Bb7 14. Nd5 Qd8 15.
Nxe7+ Qxe7 16. Bb1 Rfd8 17. a3 a5 18. Qc2 g6 19. Bg5 f6 20. Be3 a4 21. Rcd1 Nc5
22. Bxc5 bxc5 23. Rd2 e5 24. Qd1 Nd4 25. Nxd4 cxd4 26. Bd3 Rdb8 27. Bc2 Bc6 28.
b4 axb3 29. Bxb3 Rxa3 30. Rd3 Kg7 31. Qf3 f5 32. Bc2 fxe4 33. Rxe4 Ra1+ 34. Kh2
Qg5 35. Rg4 Bxf3 36. Rxg5 Be2 37. Rd2 Bxc4 38. h4 Ra2 39. h5 d3 40. h6+ Kxh6
0-1

[Event "Tournoi Skype 011A"]
[Site "Skype"]
[Date "????.??.??"]
[Round "4.3"]
[White "Meyer, Eric"]
[Black "Hervais, Adrien"]
[Result "0-1"]
[WhiteElo "1628"]
[BlackElo "2097"]
[PlyCount "96"]

1. d4 d5 2. c4 Bf5 3. Nd2 e6 4. Qb3 Nc6 5. e3 Nb4 6. e4 dxe4 7. a3 Nc6 8. d5
Nd4 9. Qa4+ c6 10. Ne2 Nxe2 11. dxc6 b5 12. Qxb5 Nd4 13. c7+ Qd7 14. Qxd7+ Kxd7
15. Ra2 Bd6 16. b4 a5 17. b5 Kxc7 18. Bb2 Bc5 19. Bxd4 Bxd4 20. Be2 Nf6 21. h3
Bc3 22. O-O Rhd8 23. Nb1 Bd4 24. Kh1 Nd7 25. Nd2 Nc5 26. Kh2 Na4 27. Nb1 e3 28.
fxe3 Be5+ 29. g3 Kb6 30. e4 Bxe4 31. c5+ Kxc5 32. Nd2 Bd5 33. Rc2+ Kb6 34. Nc4+
Bxc4 35. Rxc4 Nc5 36. Kg2 Rac8 37. Rxf7 Rf8 38. Rf3 Rxf3 39. Kxf3 Rd8 40. Rc2
Rd4 41. Bc4 Rd1 42. g4 Ra1 43. Bxe6 Rxa3+ 44. Kg2 Nxe6 45. Rc6+ Kxb5 46. Rxe6
Bd4 47. Re8 a4 48. h4 Rb3 0-1

[Event "Tournoi Skype 011A"]
[Site "Skype"]
[Date "????.??.??"]
[Round "4.4"]
[White "Plourde, Alain"]
[Black "Chaignet, Lucas"]
[Result "1-0"]
[WhiteElo "1868"]
[BlackElo "1642"]
[PlyCount "101"]

1. d4 d5 2. c4 c6 3. Nc3 Nf6 4. Nf3 Bf5 5. Qb3 b6 6. cxd5 cxd5 7. Bf4 a6 8. e3
e6 9. Be2 Be7 10. O-O O-O 11. Rac1 Bd6 12. Ne5 b5 13. a3 Bxe5 14. Bxe5 Nbd7 15.
Bd6 Re8 16. a4 Nb6 17. Bc5 Nc4 18. Bxc4 bxc4 19. Qb6 Qxb6 20. Bxb6 Rab8 21. a5
Be4 22. f3 Bd3 23. Rfd1 Nd7 24. Na4 e5 25. Kf2 e4 26. f4 Re6 27. Rd2 Rf6 28. g3
g5 29. Kg2 gxf4 30. gxf4 Rg6+ 31. Kf2 Nf6 32. h3 Kh8 33. Rg1 Rh6 34. Rh1 Ng4+
35. hxg4 Rxh1 36. Kg2 Re1 37. Kf2 Rf1+ 38. Kg2 Rg8 39. g5 h6 40. Rf2 Rxf2+ 41.
Kxf2 hxg5 42. Nc3 gxf4 43. exf4 Kh7 44. Nxd5 Rc8 45. Nc7 Kg6 46. d5 Kf5 47. Ke3
Rg8 48. d6 Rg3+ 49. Kf2 Rf3+ 50. Kg1 Kg4 51. Nd5 1-0

[Event "Tournoi Skype 011A"]
[Site "Skype"]
[Date "????.??.??"]
[Round "4.5"]
[White "Auger, Bertrand"]
[Black "Rajpurohit, Dinesh"]
[Result "1-0"]
[WhiteElo "2043"]
[BlackElo "1627"]
[PlyCount "52"]

1. Nf3 Nc6 2. d4 d5 3. g3 Bf5 4. Bg2 e6 5. O-O Nb4 6. Na3 Bd6 7. c3 Nc6 8. b3
Nge7 9. Nb5 O-O 10. Nxd6 Qxd6 11. Bf4 Qd8 12. c4 Nb4 13. a3 Nbc6 14. Qd2 h6 15.
Rfd1 Bg6 16. Nh4 Nf5 17. Nxg6 fxg6 18. cxd5 exd5 19. Be5 Kh7 20. b4 Re8 21. Qf4
Qd7 22. h4 Rad8 23. Rac1 Nxe5 24. dxe5 c6 25. e4 dxe4 26. Rxd7 Rxd7 1-0

[Event "Tournoi Skype 011A"]
[Site "Skype"]
[Date "????.??.??"]
[Round "4.6"]
[White "Catherine, Bertrand"]
[Black "Casey, Eamonn"]
[Result "1/2-1/2"]
[WhiteElo "1910"]
[BlackElo "1656"]
[PlyCount "116"]

1. d4 Nf6 2. c4 e6 3. Nf3 d5 4. Nc3 Nbd7 5. cxd5 exd5 6. Bg5 Be7 7. e3 h6 8.
Bh4 O-O 9. Bd3 b6 10. O-O c5 11. dxc5 bxc5 12. Rc1 Bb7 13. Qe2 Rc8 14. Ba6 Bxa6
15. Qxa6 Qb6 16. Qe2 Rfe8 17. Rfd1 Qe6 18. Qd3 Nb6 19. b3 Red8 20. Bg3 Ne4 21.
Bf4 Bf6 22. Nb5 Rd7 23. Rc2 a6 24. Na3 c4 25. Qf1 c3 26. Nd4 Bxd4 27. Rxd4 a5
28. Qd3 g5 29. Bg3 Qf5 30. f3 Nxg3 31. hxg3 Qxd3 32. Rxd3 d4 33. Nb5 dxe3 34.
Rxd7 Nxd7 35. Rxc3 Rxc3 36. Nxc3 Nc5 37. Kf1 Nd3 38. Ke2 Nf2 39. Kxe3 Nh1 40.
Ne2 Kg7 41. a3 Kf6 42. b4 axb4 43. axb4 Ke5 44. f4+ Kd5 45. Kd3 Nf2+ 46. Kc3
Ne4+ 47. Kb3 Nd2+ 48. Ka4 Kc6 49. b5+ Kb7 50. Nc3 Nf1 51. fxg5 hxg5 52. Ne4 g4
53. Nd6+ Kb6 54. Nxf7 Nxg3 55. Ne5 Ne4 56. Nxg4 Nc3+ 57. Kb4 Nxb5 58. Ne5 Nd4
1/2-1/2

[Event "Tournoi Skype 011A"]
[Site "Skype"]
[Date "????.??.??"]
[Round "4.7"]
[White "Parmar, Manoj"]
[Black "Hilton, Stephen"]
[Result "0-1"]
[WhiteElo "1658"]
[BlackElo "1897"]
[PlyCount "108"]

1. d4 Nf6 2. Nf3 g6 3. c4 Bg7 4. Nc3 d5 5. Bf4 O-O 6. e3 c5 7. dxc5 Qa5 8. Be2
Ne4 9. O-O Nxc3 10. bxc3 dxc4 11. Bxc4 Qxc5 12. Qb3 e6 13. Rad1 Qa5 14. Rc1 Nc6
15. Qb5 Qxb5 16. Bxb5 e5 17. Bg3 f6 18. h3 Be6 19. a3 Rac8 20. Rfd1 a6 21. Be2
Rfd8 22. c4 Bf8 23. Rxd8 Rxd8 24. Rc3 e4 25. Ne1 f5 26. c5 Bg7 27. Rc1 Bb2 28.
Rb1 Bxa3 29. Rxb7 Bxc5 30. Rc7 Rc8 31. Rxc8+ Bxc8 32. Bc4+ Kf8 33. Nc2 Nb4 34.
Nxb4 Bxb4 35. Kf1 h6 36. Be5 Ke7 37. Ke2 a5 38. f3 exf3+ 39. Kxf3 Be6 40. Bxe6
Kxe6 41. Bg7 a4 42. e4 h5 43. Bb2 h4 44. exf5+ Kxf5 45. g3 hxg3 46. Kxg3 Ke4
47. Kg4 Kd3 48. Kg5 Kc2 49. Bg7 a3 50. Kxg6 a2 51. h4 Bc3 52. Bxc3 Kxc3 53. h5
Kd3 54. h6 a1=Q 0-1

[Event "Tournoi Skype 011A"]
[Site "Skype"]
[Date "????.??.??"]
[Round "4.8"]
[White "Kumar Pradhan, Soundarya"]
[Black "Salazar Ticeran, Antonio"]
[Result "0-1"]
[WhiteElo "1641"]
[BlackElo "1846"]
[PlyCount "132"]

1. d4 Nf6 2. c4 g6 3. Nc3 Bg7 4. e4 d6 5. f4 Bg4 6. Be2 h5 7. e5 dxe5 8. fxe5
Bxe2 9. Qxe2 Ng4 10. Nf3 Nc6 11. h3 Nh6 12. d5 Nb4 13. a3 Na6 14. e6 f5 15.
Bxh6 Bxh6 16. Ne5 Qd6 17. Nb5 Qb6 18. Nxg6 O-O-O 19. Nxh8 Rxh8 20. b4 c6 21.
Qe5 Rg8 22. dxc6 bxc6 23. Qd4 cxb5 24. Qd7+ Kb8 25. Qxb5 Nc7 26. Qxb6+ axb6 27.
Kf2 Nxe6 28. Rhe1 Ng5 29. Rxe7 Ne4+ 30. Kg1 Be3+ 31. Kh2 Bf4+ 32. Kh1 Nf2+ 33.
Kg1 Nxh3+ 34. Kf1 Ng5 35. Rd1 Ne4 36. Rdd7 Nd2+ 37. Kf2 Nxc4 38. Rd4 Be3+ 39.
Rxe3 Nxe3 40. Kxe3 Rxg2 41. Kf3 Rh2 42. Kg3 Re2 43. Rd3 Re4 44. Rf3 Rg4+ 45.
Kf2 f4 46. Rh3 h4 47. a4 Kb7 48. Rf3 Kc6 49. Ke2 Rg2+ 50. Kf1 Rg4 51. Ke2 Kd5
52. a5 Ke4 53. axb6 Rg2+ 54. Rf2 f3+ 55. Kf1 Rg6 56. Rh2 Rxb6 57. Rxh4+ Ke3 58.
Rc4 Ra6 59. Rc3+ Kf4 60. b5 Ra1+ 61. Kf2 Ra2+ 62. Kf1 Kg3 63. Rc1 Rb2 64. Ra1
Rxb5 65. Rc1 Rh5 66. Kg1 f2+ 0-1

[Event "Tournoi Skype 011A"]
[Site "Skype"]
[Date "????.??.??"]
[Round "4.10"]
[White "Murgia, Stefano"]
[Black "Belouin, Bruno"]
[Result "1-0"]
[WhiteElo "1718"]
[BlackElo "1484"]
[PlyCount "83"]

1. e4 e6 2. d4 c5 3. Nf3 cxd4 4. Nxd4 Nc6 5. Nc3 Qf6 6. Nf3 Bb4 7. Bd2 a6 8. a3
Ba5 9. Be2 Nh6 10. O-O Ne5 11. b4 Bc7 12. h3 b6 13. Kh1 Nxf3 14. Bxf3 Qe5 15.
g3 Qf6 16. e5 Bxe5 17. Bxa8 Bxc3 18. Bxc3 Qxc3 19. Qd6 Nf5 20. Qxb6 O-O 21. Be4
d5 22. Bd3 e5 23. Rab1 e4 24. Rb3 Qd2 25. Bxa6 Be6 26. Rbb1 e3 27. g4 Nd4 28.
Rbd1 Qxc2 29. Qxd4 e2 30. Bxe2 Qxe2 31. Qd3 Qe5 32. Rfe1 Qd6 33. Qd4 Rc8 34.
Rc1 f5 35. Rxc8+ Bxc8 36. Re8+ Kf7 37. Rxc8 fxg4 38. hxg4 Qh6+ 39. Kg2 Qe6 40.
Qf4+ Ke7 41. Qf8+ Kd7 42. Qd8# 1-0

[Event "Tournoi Skype 011A"]
[Site "Skype"]
[Date "????.??.??"]
[Round "4.11"]
[White "Janssen, Gerard"]
[Black "Brun, Jacques"]
[Result "0-1"]
[WhiteElo "1621"]
[BlackElo "1699"]
[PlyCount "62"]

1. d4 g6 2. c4 Bg7 3. Nf3 c5 4. d5 d6 5. Nc3 Nf6 6. Qc2 O-O 7. e4 Re8 8. e5 Ng4
9. exd6 exd6+ 10. Be2 Qe7 11. O-O Bxc3 12. Qxc3 Qf6 13. Qxf6 Nxf6 14. Bd3 Bg4
15. Bg5 Kg7 16. Nd2 h6 17. Bf4 Rd8 18. h3 Bc8 19. g4 Na6 20. a3 Nc7 21. Kh2 g5
22. Bg3 a6 23. f4 b5 24. b3 bxc4 25. bxc4 Rb8 26. Rab1 Rxb1 27. Rxb1 Nce8 28.
fxg5 hxg5 29. Nf3 Kh6 30. Rb8 Nd7 31. Be1 Nxb8 0-1

[Event "Tournoi Skype 011A"]
[Site "Skype"]
[Date "????.??.??"]
[Round "4.13"]
[White "L'Herbon De Lussats, Jean"]
[Black "De, Deeptyajeet"]
[Result "1-0"]
[WhiteElo "1486"]
[BlackElo "1504"]
[PlyCount "47"]

1. d4 Nf6 2. c4 g6 3. Nc3 Bg7 4. Nf3 O-O 5. e4 d6 6. Be2 c6 7. O-O Bg4 8. Ng5
Bxe2 9. Qxe2 Nbd7 10. Be3 e5 11. Rad1 Qb6 12. Rd2 Rad8 13. dxe5 c5 14. exf6
Nxf6 15. Rfd1 h6 16. Nf3 Rfe8 17. Bf4 Re6 18. e5 Ne8 19. Qe3 g5 20. Bg3 Rc8 21.
h4 g4 22. Nd5 Qa6 23. Nh2 h5 24. b3 1-0

[Event "Tournoi Skype 011A"]
[Site "Skype"]
[Date "????.??.??"]
[Round "4.14"]
[White "Gieschen, Mike"]
[Black "Legueltel, Daniel"]
[Result "0-1"]
[WhiteElo "1655"]
[BlackElo "1680"]
[PlyCount "82"]

1. Nf3 d5 2. d4 Nf6 3. c4 c6 4. Nc3 e6 5. Bg5 Be7 6. e3 Nbd7 7. Bd3 O-O 8. O-O
a6 9. Qc2 h6 10. Bf4 dxc4 11. Bxc4 b5 12. Bd3 Bb7 13. Bg6 Qe8 14. Bd3 c5 15.
dxc5 Nxc5 16. Be2 Rc8 17. Qb1 Nce4 18. Nxe4 Bxe4 19. Qd1 Qc6 20. Rc1 Qb7 21.
Rxc8 Rxc8 22. Qb3 Bd5 23. Qd3 Bc4 24. Qd2 Bxa2 25. Ra1 Bd5 26. h3 Ne4 27. Qa5
Rc2 28. Nd4 Rxb2 29. Qxa6 Nc3 30. Qxb7 Nxe2+ 31. Nxe2 Bxb7 32. Ra7 Rxe2 33.
Rxb7 Bh4 34. g3 Bf6 35. Rxb5 Kh7 36. Rb7 e5 37. Kf1 Rc2 38. Rxf7 exf4 39. gxf4
Bd4 40. Kg2 Rxf2+ 41. Kg1 Rxf4 0-1

[Event "Tournoi Skype 011A"]
[Site "Skype"]
[Date "????.??.??"]
[Round "4.15"]
[White "Antonic, Nenad"]
[Black "Engstrom, Olle"]
[Result "1-0"]
[WhiteElo "1449"]
[BlackElo "1639"]
[PlyCount "59"]

1. d4 Nf6 2. Nf3 e6 3. e3 d5 4. Bd3 c5 5. c3 Nc6 6. Nbd2 cxd4 7. cxd4 Bd6 8.
O-O O-O 9. Re1 e5 10. e4 Bg4 11. h3 Bxf3 12. Nxf3 exd4 13. e5 Bb4 14. Bd2 Bxd2
15. Qxd2 Nd7 16. e6 fxe6 17. Rxe6 Nc5 18. Re2 Nxd3 19. Qxd3 Qf6 20. Rae1 Qf5
21. Qb5 Qd7 22. Nxd4 a6 23. Qd3 Rfe8 24. Nxc6 Rxe2 25. Qxe2 Qxc6 26. Qd2 h6 27.
Rc1 Qb5 28. Qd4 Re8 29. Rc7 Re1+ 30. Kh2 1-0

[Event "Tournoi Skype 011A"]
[Site "Skype"]
[Date "????.??.??"]
[Round "4.16"]
[White "Le Brun, Yves"]
[Black "Duthoit, Bernard"]
[Result "1-0"]
[WhiteElo "1633"]
[BlackElo "1535"]
[PlyCount "59"]

1. d4 e6 2. e4 d5 3. Bd3 c5 4. Nf3 cxd4 5. Nxd4 dxe4 6. Bxe4 Nf6 7. Bf3 Bc5 8.
Nb3 Qxd1+ 9. Bxd1 Bb6 10. O-O O-O 11. N1d2 Nc6 12. Nc4 Bc7 13. Be3 b6 14. Re1
b5 15. Ncd2 b4 16. Bf3 Nd5 17. Bc5 Rd8 18. Rad1 Be5 19. Nc4 Bf6 20. Nd4 Nxd4
21. Bxd4 Bxd4 22. Rxd4 Bb7 23. Red1 a5 24. Nb6 Ra6 25. Nxd5 Rad6 26. Ne7+ Kf8
27. Rxd6 Rxd6 28. Rxd6 Bxf3 29. Nc6 Bxc6 30. Rxc6 1-0

[Event "Tournoi Skype 011A"]
[Site "Skype"]
[Date "????.??.??"]
[Round "4.17"]
[White "Belouin, Alexis"]
[Black "De Leener, Luc"]
[Result "0-1"]
[WhiteElo "1415"]
[BlackElo "1632"]
[PlyCount "70"]

1. d4 g6 2. Nf3 Bg7 3. e3 d5 4. Be2 Nd7 5. c4 c6 6. cxd5 cxd5 7. Nc3 Ngf6 8.
Qc2 O-O 9. b3 e6 10. Ba3 Re8 11. Nb5 Qa5+ 12. b4 Qb6 13. Nc7 Rb8 14. Nxe8 Nxe8
15. Rc1 Nd6 16. Bd3 e5 17. Qc7 e4 18. Qxb6 axb6 19. Ne5 exd3 20. Nxd7 Bxd7 21.
O-O Nc4 22. Rc3 d2 23. Rd3 Bf5 24. Rc3 Nxa3 25. Rxa3 Bc2 26. Rc3 d1=Q 27. Rxd1
Bxd1 28. Rc7 Bg4 29. h3 Be6 30. a3 Kf8 31. Kh2 Ke8 32. Rc3 Rc8 33. Rxc8+ Bxc8
34. g3 Kd7 35. f4 Kc6 0-1

[Event "Tournoi Skype 011A"]
[Site "Skype"]
[Date "????.??.??"]
[Round "4.18"]
[White "Hague, Mark"]
[Black "Bourdeau, Yvan"]
[Result "0-1"]
[WhiteElo "1400"]
[BlackElo "1620"]
[PlyCount "82"]

1. e4 c5 2. Nf3 Nc6 3. Bb5 d6 4. d4 cxd4 5. Nxd4 Bd7 6. Nc3 e6 7. f4 a6 8. Nxc6
Bxc6 9. Bxc6+ bxc6 10. Qd4 Nf6 11. Be3 Ng4 12. O-O-O Nxe3 13. Qxe3 Be7 14. Qh3
O-O 15. Rd3 f5 16. e5 d5 17. Qh5 Rf7 18. Rh3 g6 19. Qe2 Qa5 20. a3 Rb8 21. Nd1
c5 22. Qd2 Qd8 23. Rf1 g5 24. Rg3 Rg7 25. Kb1 g4 26. h3 h5 27. hxg4 hxg4 28.
Rh1 Rh7 29. Rxh7 Kxh7 30. Rc3 c4 31. Kc1 Qb6 32. g3 a5 33. a4 Bb4 34. Qh2+ Kg6
35. Re3 d4 36. c3 dxe3 37. cxb4 e2 38. Qxe2 Qxb4 39. Nc3 Rd8 40. Qc2 Rd3 41.
Nb5 Qe1+ 0-1